Planning obligations (Record no. 116929)

MARC details
000 -LEADER
fixed length control field 01361cam a2200229 4500
001 - CONTROL NUMBER
control field WB4002-12
008 - FIXED-LENGTH DATA ELEMENTS--GENERAL INFORMATION
fixed length control field 040112n2004 000 0 eng u
035 ## - SYSTEM CONTROL NUMBER
System control number (Sirsi) u124831
245 ## - TITLE STATEMENT
Title Planning obligations
260 ## - PUBLICATION, DISTRIBUTION, ETC.
Date of publication, distribution, etc. 2004
490 ## - SERIES STATEMENT
Series statement RICS News Service
Volume/sequential designation 9 January 2004 (2)
520 ## - SUMMARY, ETC.
Summary, etc. RICS has suggested a range of improvements to government proposals on planning obligations. These obligations make developers donate to the local community through cash or a contribution towards local infrastructure. RICS has some concerns about the new proposals including the fact that there is no detail on changes to current planning obligations (s106) system and that authorities must not be able to divert receipts to cover general expenditure unrelated to developmental impacts. For the news story: http://www.rics.org/ricscms/bin/show?class=News&te mplate=/includes/shownews.html&id=7902 For the Contributing to sustainable communities - a new approach to planning obligations: http://www.odpm.gov.uk/stellent/groups/odpm_planni ng/documents/page/odpm_plan_025543.hcsp
590 ## - LOCAL NOTE (RLIN)
Local note WB
590 ## - LOCAL NOTE (RLIN)
Local note WB
650 ## - SUBJECT ADDED ENTRY--TOPICAL TERM
Topical term or geographic name entry element PLANNING OBLIGATIONS
650 ## - SUBJECT ADDED ENTRY--TOPICAL TERM
Topical term or geographic name entry element SUSTAINABLE COMMUNITIES
650 ## - SUBJECT ADDED ENTRY--TOPICAL TERM
Topical term or geographic name entry element LOCAL AUTHORITIES
650 ## - SUBJECT ADDED ENTRY--TOPICAL TERM
Topical term or geographic name entry element Affordable housing
9 (RLIN) 6215
650 ## - SUBJECT ADDED ENTRY--TOPICAL TERM
Topical term or geographic name entry element LOCAL DEVELOPMENT FRAMEWORKS
690 ## - LOCAL SUBJECT ADDED ENTRY--TOPICAL TERM (OCLC, RLIN)
Topical term or geographic name as entry element PLANNING-PLANNING LAW
942 ## - ADDED ENTRY ELEMENTS (KOHA)
Suppress in OPAC 0
Holdings
Withdrawn status Lost status Source of classification or shelving scheme Damaged status Not for loan Home library Current library Shelving location Date acquired Total Checkouts Full call number Barcode Date last seen Copy number Price effective from Koha item type
    Dewey Decimal Classification     London London News article 12/01/2004   WB4002-12 124831-1001 06/08/2019 1 06/08/2019 News article